| 000 | 00709nam a2200241Ia 4500 | ||
|---|---|---|---|
| 003 | OSt | ||
| 005 | 20220926041352.0 | ||
| 006 | a|||||r|||| 00| 0 | ||
| 007 | ta | ||
| 008 | 220923b |||||||| |||| 00| 0 eng d | ||
| 037 | _cGeneral Book | ||
| 040 |
_aRTL _cRTL _beng |
||
| 041 |
_2eng _aeng |
||
| 082 | _aX:75-77.1.N6, L6 | ||
| 110 |
_aUnited Nations, Economic and Social Affaris (Deptt. of.....) _9327727 |
||
| 245 | 0 | _aFuture of the world economy | |
| 260 | _c1976 | ||
| 300 |
_axv, 350p. _ccm. |
||
| 650 | _aPlanned Economy | ||
| 700 |
_aUnited Nations, Economic and Social Affaris (Deptt. of.....) _9327728 |
||
| 942 |
_hX:75-77.1.N6, L6 _cGB _2CC |
||
| 999 |
_c667043 _d667043 |
||